000 00465nam a2200169Ia 4500
003 SGT
020 _a9788125000808
082 _a420
_bBAN
100 _aBansal,R.K
245 _aSpoken english
260 _bOrient Blackswan Private Limted
_aHyderabad
_c2008
300 _a191p.
650 _aENGLISH
653 _aTHE SPEECH MECHANISM, THE DESCRIPTION OF SPEECH SOUNDS , THE PHONEME THE SYLLABLE ,WORD ACCENT,
700 _aHarrison,J.B
942 _2ddc
_cBK
_010
999 _c4945
_d4945